[Event "ISR-chT 2020"]
[Site "Israel"]
[Date "2020.02.14"]
[Round "7.12"]
[White "Mesropov, Konstantin"]
[Black "Cnaan, Moshe"]
[Result "1-0"]
[WhiteElo "2416"]
[BlackElo "1962"]
[Annotator "TA"]
[PlyCount "81"]
[EventDate "2020.01.10"]
[EventType "team-tourn"]
[EventCountry "ISR"]
[SourceTitle "playchess.com"]
[Source "ChessBase"]
[SourceQuality "1"]

{[%evp 9,81,29,42,28,42,27,44,18,45,37,52,48,55,37,58,48,107,84,117,104,156,111,148,88,101,95,230,58,45,61,57,47,54,47,66,30,35,8,60,11,64,46,40,41,33,35,47,10,9,9,10,14,58,8,8,8,8,8,8,8,8,8,81,64,49,64,83,90,384,293,504,519,608,582]} 1. c4 e5 2. g3 g6 3. d4 d6 4. dxe5 dxe5 5. Qxd8+ Kxd8 6. Nc3 {A20: English Opening: 1...e5.} c6 7. f4 Nd7 8. Nf3 {[#] White is slightly better.} exf4 $146 ({Predecessor:} 8... f6 9. Bh3 exf4 10. Bxf4 g5 11. Bd2 h5 12. Nd4 Ne5 13. Bxc8 Rxc8 14. Ne6+ Ke7 15. Nxf8 Rxf8 {1-0 (35) Campiz Jimenez,L (2168)-Modesto,R (2099) Caguas 2006}) 9. Bxf4 Ngf6 10. O-O-O Ke8 11. Bg2 $36 {[%mdl 2048] White has good play.} Be7 12. Rhf1 Nh5 (12... h6 $14) 13. Bh6 Rg8 {and if ...g5 works, Black does fine.} 14. Ne4 Nb6 (14... Ng7 $142) 15. b3 f6 16. Be3 ({Better is} 16. Nd4) 16... Ba3+ $16 17. Kc2 Ke7 {[#]} (17... Bf5 $16 {is a better defense.}) 18. Bc5+ $2 ({Only move:} 18. Nfd2 $1 $18) 18... Bxc5 $14 19. Nxc5 Nd7 20. Nd3 Ng7 21. e4 Ne6 22. e5 {Hoping for exf6+.} f5 $1 23. Nf4 {aiming for Nxe6.} Ndf8 (23... Ndc5 $11) 24. Kc3 Bd7 (24... Nxf4 $11 25. gxf4 Ne6) 25. Rd6 Rd8 26. b4 Nxf4 27. gxf4 Ne6 28. Nd4 Nxd4 29. Kxd4 Be6 30. c5 g5 31. fxg5 (31. b5 $5) 31... Rxg5 32. Bf3 Rdg8 33. b5 cxb5 34. Rb1 a6 35. a4 Bc4 (35... Rg1 $11 {remains equal.} 36. Rxg1 Rxg1 37. axb5 (37. Bxb7 Rg4+ 38. Kd3 Rxa4 $11) 37... Rf1) 36. Bxb7 Rg4+ 37. Kc3 Rh4 38. Bxa6 ({Much worse is} 38. Rxa6 $6 Rgg4 $14) 38... Rh3+ $2 {[%mdl 8192] [#]} (38... Rgg4 $16 39. Bxb5 (39. axb5 Rh3+ 40. Kb4 Bd3+ 41. Ka5 Bxb1 $15) 39... Rh3+ 40. Kc2 Bxb5 41. axb5 (41. Rxb5 Rxh2+ 42. Kb3 Rh3+ 43. Kc2 Rh2+ 44. Kb3 Rh3+ 45. Ka2 Rxa4+ 46. Kb2 Ra7 $16) 41... Rc4+ 42. Kd2 Ra4) 39. Kb4 $18 Bd3 $2 (39... Ba2 {keeps fighting.}) 40. Ra1 Rg4+ 41. Ka5 {Accuracy: White = 71%, Black = 50%.} 1-0

[Event "ISR-chT 2020"]
[Site "Israel"]
[Date "2020.02.14"]
[Round "7.13"]
[White "Gruenfeld, Yehuda"]
[Black "Sivuk, Vitaly"]
[Result "1/2-1/2"]
[WhiteElo "2432"]
[BlackElo "2579"]
[Annotator "TA"]
[PlyCount "77"]
[EventDate "2020.01.10"]
[EventType "team-tourn"]
[EventCountry "ISR"]
[SourceTitle "playchess.com"]
[Source "ChessBase"]
[SourceQuality "1"]

{[%evp 18,77,13,14,19,12,6,0,0,2,5,0,0,5,8,0,0,0,0,0,0,0,0,0,0,-34,-30,-33,-36,-31,-2,-76,-76,-76,-76,-76,-76,-76,-76,-76,-76,-76,-76,-77,-18,-20,-16,-16,-16,-56,-15,-15,0,0,0,0,0,0,0,0,0,0]} 1. e4 e5 2. Nf3 Nc6 3. Bb5 Nf6 4. O-O Nxe4 5. Re1 Nd6 6. Nxe5 Be7 7. Bf1 Nxe5 8. Rxe5 O-O 9. d4 Bf6 10. Re1 Re8 {C67: Ruy Lopez: Berlin Defence: 4 0-0 Nxe4.} 11. Rxe8+ Nxe8 12. Bf4 d5 13. c3 c6 14. Bd3 g6 15. Nd2 Ng7 16. Nf3 Bf5 17. Bxf5 Nxf5 {[#]} 18. Qd2 $146 ({Predecessor:} 18. Qe2 Ng7 19. Re1 Qd7 20. Be5 Re8 21. Qd2 {½-½ (21) Fedorchuk,S (2620)-Bacrot,E (2678) Brest 2019}) 18... Qd7 19. Re1 Re8 20. Rxe8+ Qxe8 21. g4 Qe4 22. gxf5 {And now Qe3 would win.} Qxf3 23. fxg6 fxg6 24. Qe3 {[#]} (24. Be5 $11 {remains equal.}) 24... Qxe3 $1 $17 25. Bxe3 {[%mdl 4096] Endgame KB-KB} Kf7 26. f4 Ke6 27. Kg2 Kf5 {Hoping for ...Ke4.} 28. Kf3 Be7 29. h3 b6 30. Bc1 c5 ({Black should play} 30... b5 $17) 31. dxc5 $11 bxc5 32. Be3 a6 33. b3 Bd6 34. a4 {The position is equal.} a5 35. c4 d4 36. Bd2 Bc7 37. Bc1 Bd6 38. Bd2 Bc7 39. Bc1 {Accuracy: White = 87%, Black = 87%.} 1/2-1/2

[Event "ISR-chT 2020"]
[Site "Israel"]
[Date "2020.02.14"]
[Round "7.14"]
[White "Deutsch, Eyal"]
[Black "Maryasin, Boris"]
[Result "1-0"]
[WhiteElo "2337"]
[BlackElo "2315"]
[Annotator "TA"]
[PlyCount "69"]
[EventDate "2020.01.10"]
[EventType "team-tourn"]
[EventCountry "ISR"]
[SourceTitle "playchess.com"]
[Source "ChessBase"]
[SourceQuality "1"]

{[%evp 13,69,35,94,53,98,70,95,93,119,115,131,41,40,40,119,129,123,118,159,157,178,146,145,143,139,137,130,133,214,206,206,210,197,204,272,265,252,262,468,461,468,470,452,453,461,447,420,435,623,617,579,557,918,898,870,662,877,875]} 1. d4 Nf6 2. Nf3 e6 3. c4 d5 4. g3 g6 5. Bg2 Bg7 6. O-O O-O 7. Nc3 b6 (7... Nc6 $14) 8. cxd5 {D77: Fianchetto Grünfeld: 6 0-0: Replies other than 6...c6.} exd5 9. Ne5 Bb7 10. Bg5 {White is better.} h6 11. Bxf6 $1 Bxf6 12. Qd2 {[#]} (12. f4 $1 $16) 12... c5 $146 ({Predecessor:} 12... Bg7 13. Rac1 c6 14. f4 Qd6 15. e4 dxe4 16. Nxe4 Qe6 17. Rfe1 Rd8 18. b3 Na6 {1-0 (31) Paraskevaidis,V (2053)-Kaminellis,E Athens 1999}) 13. e3 ({Wrong is} 13. Qxh6 $2 cxd4 14. Nxg6 Bg7 $19) 13... Bg7 ({Black should play} 13... Na6 $14) 14. f4 $16 cxd4 15. exd4 ({Much weaker is} 15. Qxd4 $6 Nd7 $11) 15... Na6 {[#]} 16. f5 $1 {[%cal Rf5g6]} Qd6 17. Nb5 Qb4 18. Qxb4 Nxb4 19. f6 Bh8 20. Rf2 $36 {[%mdl 2048] Strongly threatening Nd6. White is in control.} Rfd8 (20... Ba6 $16) 21. a3 Nc6 22. Rc1 Rac8 {[#]} 23. Rfc2 $1 {[%cal Re5c6]} ({Resist} 23. Bh3 $6 Nxe5 24. Bxc8 Nd3 $14) 23... Nxe5 24. dxe5 Rxc2 25. Rxc2 Ba6 $2 (25... Re8 {might work better.}) 26. Nxa7 $18 d4 27. Nc6 d3 28. Rd2 Re8 29. b3 Kf8 {Black hopes to continue with ...Bb5.} 30. a4 Rc8 (30... b5 $142 31. a5 b4 32. Nxb4 Rxe5 33. Nxa6 Rxa5) 31. Nb4 Rc1+ 32. Kf2 Bc8 33. Rxd3 {[%cal Rd3d8]} Kg8 34. Rd8+ Kh7 35. Bd5 {Accuracy: White = 79%, Black = 47%.} 1-0

[Event "ISR-chT 2020"]
[Site "Israel"]
[Date "2020.02.14"]
[Round "7.15"]
[White "Kuprijanov, Anatoly"]
[Black "Bagrationi, Alexander"]
[Result "1-0"]
[WhiteElo "2238"]
[BlackElo "2491"]
[Annotator "RC"]
[PlyCount "163"]
[EventDate "2020.01.10"]
[EventType "team-tourn"]
[EventCountry "ISR"]
[SourceTitle "playchess.com"]
[Source "ChessBase"]
[SourceQuality "1"]
[TimeControl "40/5400+30:1800+30"]

1. d4 {[%emt 0:04:06]} Nf6 {[%emt 0:00:01]} 2. c4 {[%emt 0:00:05]} g6 {[%emt 0:03:22]} 3. Nc3 {[%emt 0:00:26]} Bg7 {[%emt 0:00:05]} 4. e4 {[%emt 0:00:09]} O-O {[%emt 0:00:05]} 5. Be2 {[%emt 0:01:51]} d6 {[%emt 0:00:09]} 6. Bg5 {[%emt 0:00:49]} c5 {[%emt 0:03:22]} 7. dxc5 {[%emt 0:12:36]} Qa5 {[%emt 0:00:59]} 8. Qd2 {[%emt 0:01:07]} dxc5 {[%emt 0:06:52]} 9. e5 {[%emt 0:07:23]} Rd8 {[%emt 0:02:46]} 10. Qe3 {[%emt 0:00:10]} Ng4 {[%emt 0:01:21]} 11. Bxg4 {[%emt 0:00:06]} Bxg4 {[%emt 0:00:03]} 12. Bxe7 {[%emt 0:11:19]} Nc6 {[%emt 0:04:22]} 13. Bxd8 {[%emt 0:04:35]} Rxd8 {[%emt 0:01:55]} 14. Nge2 {[%emt 0:00:06]} Nb4 {[%emt 0:08:04]} 15. O-O {[%emt 0:00:23]} Nc2 {[%emt 0:00:05]} 16. Qe4 {[%emt 0:00:14]} Bf5 {[%emt 0:02:14]} 17. Qxb7 {[%emt 0:00:11]} Nxa1 {[%emt 0:00:07]} 18. Rxa1 {[%emt 0:00:04]} Bxe5 {[%emt 0:00:10]} 19. Qe7 {[%emt 0:05:55]} Bd6 {[%emt 0:16:39]} 20. Qe3 {[%emt 0:06:06]} Bd3 {[%emt 0:10:13]} 21. Rd1 {[%emt 0:13:40]} Bxc4 {[%emt 0:00:47]} 22. Rxd6 {[%emt 0:00:57]} Rxd6 {[%emt 0:00:09]} 23. Qe8+ {[%emt 0:00:01]} Kg7 {[%emt 0:00:06]} 24. Qe5+ {[%emt 0:00:02]} Rf6 {[%emt 0:00:09]} 25. g4 {[%emt 0:07:13]} h6 {[%emt 0:12:34]} 26. h4 {[%emt 0:03:56]} Kg8 {[%emt 0:04:12]} 27. Qxf6 {[%emt 0:00:06]} Bxe2 {[%emt 0:00:03]} 28. Qf4 {[%emt 0:03:06]} Bd3 {[%emt 0:02:03]} 29. Qe3 {[%emt 0:04:34]} Bc4 {[%emt 0:08:19]} 30. a3 {[%emt 0:05:38]} Be6 {[%emt 0:02:36]} 31. Qxh6 {[%emt 0:00:25]} Bxg4 {[%emt 0:01:34]} 32. Qg5 {[%emt 0:00:30]} Bf5 {[%emt 0:01:40]} 33. Qf6 {[%emt 0:03:18]} c4 {[%emt 0:02:19]} 34. Qd4 {[%emt 0:03:24]} Be6 {[%emt 0:01:45]} 35. Ne4 {[%emt 0:00:06]} Qf5 {[%emt 0:03:36]} 36. Nf6+ {[%emt 0:02:10]} Kf8 {[%emt 0:00:01]} 37. Nh7+ {[%emt 0:00:25]} Ke8 {[%emt 0:00:05]} 38. Nf6+ {[%emt 0:00:27]} Ke7 {[%emt 0:00:12]} 39. Ng8+ {[%emt 0:00:45]} Kf8 {[%emt 0:00:38]} 40. Nf6 {[%emt 0:00:49]} Ke7 {[%emt 0:02:07]} 41. Ne4 {[%emt 0:04:08]} Qg4+ {[%emt 0:04:07]} 42. Kf1 {[%emt 0:00:13]} Qxh4 {[%emt 0:02:42]} 43. Qxa7+ {[%emt 0:02:54]} Kf8 {[%emt 0:00:38]} 44. Qb8+ {[%emt 0:00:59]} Kg7 {[%emt 0:00:02]} 45. Qe5+ {[%emt 0:00:07]} Kf8 {[%emt 0:00:08]} 46. Ke1 {[%emt 0:05:49]} Qh1+ {[%emt 0:08:39]} 47. Kd2 {[%emt 0:00:41]} Qh6+ {[%emt 0:00:43]} 48. Ng5 {[%emt 0:09:10]} Ke7 {[%emt 0:05:12]} 49. Kc3 {[%emt 0:00:46]} Qh1 {[%emt 0:02:32]} 50. Kb4 {[%emt 0:05:07]} Qb7+ {[%emt 0:01:46]} 51. Qb5 {[%emt 0:00:11]} Qxb5+ {[%emt 0:00:28]} 52. Kxb5 {[%emt 0:00:03]} Bd5 {[%emt 0:00:01]} 53. Kc5 {[%emt 0:00:23]} Bg2 {[%emt 0:00:10]} 54. Kd4 {[%emt 0:01:24]} f6 {[%emt 0:01:01]} 55. Ne4 {[%emt 0:00:05]} g5 {[%emt 0:00:29]} 56. a4 {[%emt 0:01:19]} g4 {[%emt 0:00:31]} 57. Nd2 {[%emt 0:00:37]} Ke6 {[%emt 0:00:56]} 58. Nxc4 {[%emt 0:00:23]} Bc6 {[%emt 0:04:33]} 59. a5 {[%emt 0:00:52]} f5 {[%emt 0:02:29]} 60. Ne5 {[%emt 0:01:57]} Bb5 {[%emt 0:00:58]} 61. Ng6 {[%emt 0:01:11]} Kd6 {[%emt 0:00:27]} 62. b4 {[%emt 0:00:14]} Bf1 {[%emt 0:00:47]} 63. Nf4 {[%emt 0:00:37]} Bb5 {[%emt 0:00:32]} 64. Nd5 {[%emt 0:00:11]} Be2 {[%emt 0:00:56]} 65. Nf4 {[%emt 0:02:07]} Bb5 {[%emt 0:00:36]} 66. Nd5 {[%emt 0:00:44]} Be2 {[%emt 0:01:23]} 67. Nc3 {[%emt 0:00:17]} Bf1 {[%emt 0:00:11]} 68. Ke3 {[%emt 0:00:28]} Bc4 {[%emt 0:02:16]} 69. Kf4 {[%emt 0:00:07]} Bd3 {[%emt 0:00:01]} 70. b5 {[%emt 0:01:26]} Kc5 {[%emt 0:00:17]} 71. b6 {[%emt 0:00:34]} Ba6 {[%emt 0:00:42]} 72. Kxf5 {[%emt 0:00:54]} Kb4 {[%emt 0:00:02]} 73. Nd5+ {[%emt 0:01:19]} Kxa5 {[%emt 0:00:19]} 74. Ke5 {[%emt 0:00:00]} Bb7 {[%emt 0:00:17]} 75. Kd6 {[%emt 0:00:00]} Bxd5 {[%emt 0:00:06]} 76. Kxd5 {[%emt 0:00:00]} Kxb6 {[%emt 0:00:04]} 77. Ke5 {[%emt 0:00:04]} Kc6 {[%emt 0:00:01]} 78. Kf5 {[%emt 0:00:05]} Kd6 {[%emt 0:01:57]} 79. Kxg4 {[%emt 0:00:02]} Ke6 {[%emt 0:00:09]} 80. Kg5 {[%emt 0:00:04]} Kf7 {[%emt 0:00:08]} 81. Kf5 {[%emt 0:00:04]} Kf8 {[%emt 0:00:17]} 82. Kf6 {[%emt 0:00:26]} 1-0

[Event "ISR-chT 2020"]
[Site "Israel"]
[Date "2020.02.14"]
[Round "7.16"]
[White "Pasman, Michael"]
[Black "Polyakov, Alex"]
[Result "1-0"]
[WhiteElo "2368"]
[BlackElo "2235"]
[Annotator "TA"]
[PlyCount "89"]
[EventDate "2020.01.10"]
[EventType "team-tourn"]
[EventCountry "ISR"]
[SourceTitle "playchess.com"]
[Source "ChessBase"]
[SourceQuality "1"]

{[%evp 11,89,55,56,35,44,45,88,91,102,82,85,-82,8,21,66,47,74,71,122,128,133,68,127,12,12,-72,-78,-72,-79,-74,-60,-160,215,228,262,267,268,262,344,354,317,325,342,233,387,356,429,429,735,793,701,479,662,523,660,637,1660,935,916,698,682,697,691,674,667,606,585,531,595,593,581,569,522,504,735,741,814,812,789,780]} 1. d4 b6 2. e4 Bb7 3. Bd3 Nf6 4. Qe2 e6 5. Nf3 d5 6. e5 Nfd7 {The main line 6...Nfd7 scores better than 6...Ne4.} 7. Ng5 {B00: Queen's Fianchetto Defence, Nimzowitsch Defence.} Qe7 {[#]} 8. c3 $146 ({Predecessor:} 8. Nxh7 c5 9. Nxf8 Kxf8 10. dxc5 Nxc5 11. Nd2 Nxd3+ 12. cxd3 Nc6 13. Nf3 Qb4+ 14. Qd2 Qg4 {1-0 (60) Stojanovic,M (2572)-Filipovic,B (2413) Basel 2011}) 8... h6 9. Nh7 {White is better.} c5 10. Nxf8 Rxf8 11. Qg4 $2 (11. O-O $16 {and life is bright.}) 11... f5 ({Black should play} 11... cxd4 $17 12. Qxg7 Nc6 13. Bxh6 Ndxe5 14. Qxf8+ Qxf8 15. Bxf8 Nxd3+ 16. Ke2 Ba6) 12. exf6 $11 Nxf6 13. Qg3 Nc6 14. Bg6+ Kd7 (14... Kd8 $142) 15. O-O $16 Rad8 ({Much worse is} 15... cxd4 $6 16. b3 $11) 16. Be3 (16. dxc5 $16 bxc5 17. Re1) 16... e5 ({Black should try} 16... cxd4 $14 17. cxd4 Ne4 18. Bxe4 dxe4) 17. dxe5 (17. Nd2 $16) 17... Nxe5 $11 18. Bf5+ (18. Nd2 $11) 18... Kc6 $17 {Hoping for ...g6!} 19. Nd2 Nh5 20. Qh3 Qf7 21. Be6 (21. Bg4 $15 Nf4 22. Bxf4 Qxf4 23. Be2) 21... Qg6 $2 (21... Nf4 $17 22. Bxf4 Qxf4) 22. f4 $18 Rf6 {Threatening ...Nxf4.} 23. fxe5 {[%mdl 64] [#] Discovered Attack} Rxe6 24. Rf5 Nf6 25. Rxf6 ({Much less strong is} 25. exf6 Bc8) 25... Rxf6 26. exf6 Qxf6 27. Qf3 Qe7 $2 (27... Qxf3 {is a better defense.} 28. Nxf3 Re8) 28. Re1 Rf8 29. Qg3 {White is clearly winning.} Qd7 (29... Qc7 $142 30. Qh4 Bc8) 30. Nf3 Kb5 31. Qg6 Rf5 32. Bd2 d4 33. Ne5 Qc8 34. cxd4 Bd5 35. Qg3 Ka6 36. Qd3+ Kb7 37. Nc4 Bxc4 38. Qxc4 Qd7 39. Be3 cxd4 40. Qxd4 Rd5 41. Qe4 {[#] aiming for Rd1.} Qc6 42. Qf3 Ka6 43. Rc1 Qd7 44. Qe2+ Kb7 45. Bf4 {Accuracy: White = 56%, Black = 30%.} 1-0

[Event "ISR-chT 2020"]
[Site "Israel"]
[Date "2020.02.14"]
[Round "7.17"]
[White "Rahmilevitz, Anton"]
[Black "Oratovsky, Michael"]
[Result "0-1"]
[WhiteElo "2224"]
[BlackElo "2434"]
[Annotator "TA"]
[PlyCount "68"]
[EventDate "2020.01.10"]
[EventType "team-tourn"]
[EventCountry "ISR"]
[SourceTitle "playchess.com"]
[Source "ChessBase"]
[SourceQuality "1"]

{[%evp 19,68,-14,-14,-15,-13,-17,-19,-12,-7,-18,-29,-14,-15,-19,-15,-37,-16,-75,-51,-89,-85,-83,-76,-88,-81,-193,-83,-470,-518,-502,-515,-509,-508,-489,-482,-449,-435,-664,-502,-855,-844,-1043,-1029,-5885,-5385,-29989,-29990,-29990,-29991,-29991,-3158]} 1. e4 c5 2. Nf3 e6 3. d3 Nc6 4. g3 g6 5. Bg2 Bg7 6. c3 e5 7. O-O Nge7 8. Be3 d6 9. Qd2 O-O 10. Bh6 f5 11. Na3 {A04: Unusual lines after 1 Nf3 and King's Indian Attack.} f4 12. Bxg7 Kxg7 13. d4 {The position is equal.} cxd4 14. cxd4 Bg4 {Hoping for ...Bxf3.} 15. d5 Bxf3 16. Bxf3 Nd4 {[#]} 17. Bg2 $146 ({Predecessor:} 17. Be2 Rc8 18. f3 h5 19. Rac1 Rxc1 20. Rxc1 fxg3 21. Rc3 Qb6 22. Kh1 gxh2 23. Kxh2 {0-1 (42) Stasenko,A (2092)-German,N (1987) St Petersburg 2015}) 17... Rc8 $36 {[%mdl 2048] Black has the initiative.} (17... f3 $5 18. Bh3 $8 Rc8 $1 $11 {[%mdl 512]}) 18. Kh1 (18. Rfc1 $11) 18... Qd7 19. f3 g5 20. Rac1 Ng6 21. Rc3 h5 22. Rg1 (22. Nc2 $17 {keeps fighting.}) 22... h4 (22... fxg3 $1 $19 {...Rxc3 is the strong threat.} 23. Qxg5 h4) 23. g4 $2 {[%mdl 8192] [#]} (23. gxh4 $17 Nxh4 24. Nc2) 23... h3 $1 $19 {[%mdl 512]} 24. Bxh3 Rxc3 25. Qxc3 Ne2 26. Qb4 Nxg1 27. Kxg1 Rc8 28. Nb5 (28. Bf1 $142 Rc1 29. Nc4) 28... Rc5 29. a4 (29. Nc3 $142 Qc7 30. Bf1) 29... Nh4 30. Qb3 Rc1+ 31. Bf1 a6 32. Na3 Qc7 {Black mates.} 33. Kf2 Qc5+ 34. Ke2 Kf6 {Accuracy: White = 37%, Black = 87%.} (34... Qg1 $142 35. Kd2 Qxf1 36. Qc2 Nxf3+ {[%mdl 64] Double Attack} 37. Kc3 Qe1+ 38. Kb3 Nd4+ {[%mdl 64] Double Attack} 39. Kc4 Rxc2+ 40. Nxc2 {[#]} Qe2+ $1 {[%mdl 576] Double Attack} 41. Kc3 Qxc2+ {[%mdl 64] Double Attack} 42. Kb4 Qc5#) 0-1

[Event "ISR-chT 2020"]
[Site "Israel"]
[Date "2020.02.14"]
[Round "7.18"]
[White "Nedobora, Mikhail"]
[Black "Musyuk, Lior"]
[Result "1/2-1/2"]
[WhiteElo "2360"]
[BlackElo "2327"]
[Annotator "TA"]
[PlyCount "39"]
[EventDate "2020.01.10"]
[EventType "team-tourn"]
[EventCountry "ISR"]
[SourceTitle "playchess.com"]
[Source "ChessBase"]
[SourceQuality "1"]

{[%evp 15,39,10,25,13,22,15,27,7,20,-44,0,-36,-41,-59,-52,-39,-43,-34,-58,-397,-390,-389,0,-418,0,-1137]} 1. Nf3 c5 2. c4 Nc6 3. Nc3 Nf6 4. e3 e6 5. d4 d5 6. a3 a6 7. dxc5 Bxc5 8. b4 Bd6 9. Bb2 {D40: Queen's Gambit Declined: Semi-Tarrasch with 5 e3.} dxc4 10. Bxc4 O-O 11. Rc1 {White has an edge.} Qe7 {[#]} 12. Ng5 $146 ({White should try} 12. Bd3 $11) ({Predecessor:} 12. O-O Rd8 13. Qc2 b5 14. Bd3 Bb7 15. Ne4 Nxe4 16. Bxe4 Rac8 17. Qe2 f5 18. Bb1 a5 19. Qxb5 axb4 20. axb4 Nxb4 21. Rxc8 Rxc8 22. Rc1 Rb8 23. Qe2 {½-½ (23) Talla,V (2395)-Kriebel,T (2507) Czech Republic 2017}) 12... a5 13. b5 Ne5 14. Nce4 Nxe4 $1 15. Nxe4 Nxc4 16. Rxc4 Bxa3 17. Nf6+ $2 {[%mdl 8192] [#]} (17. Bxa3 $15 Qxa3 18. O-O) 17... gxf6 $19 18. Rh4 {Strongly threatening 0-0.} Bxb2 19. Qg4+ $1 Kh8 {[#]} 20. Rxh7+ $3 {[%mdl 33280] Accuracy: White = 27%, Black = 85%. . An unexpected result.} 1/2-1/2

[Event "ISR-chT 2020"]
[Site "Israel"]
[Date "2020.02.14"]
[Round "7.19"]
[White "Gorodetzky, David"]
[Black "Alterman, Boris"]
[Result "1/2-1/2"]
[WhiteElo "2486"]
[BlackElo "2602"]
[Annotator "TA"]
[PlyCount "139"]
[EventDate "2020.01.10"]
[EventType "team-tourn"]
[EventCountry "ISR"]
[SourceTitle "playchess.com"]
[Source "ChessBase"]
[SourceQuality "1"]

{[%evp 19,139,0,7,0,33,-9,-10,-10,-10,-10,-10,-9,-10,-12,-22,-49,-50,-49,-49,-49,-49,-49,-49,-48,-48,-48,-48,-48,-45,-53,-32,-33,-35,-26,-28,-34,-16,-20,-16,-25,-14,-14,-14,-13,0,-7,0,0,0,0,0,0,0,0,0,-60,-78,-66,-52,-52,-28,-35,-35,-79,-36,-36,0,0,0,0,0,0,0,0,0,0,0,0,0,0,0,0,0,0,0,0,0,0,0,0,0,0,0,0,0,0,0,0,0,0,0,0,0,0,0,-52,0,0,0,0,0,0,0,0,0,0,0,0,0,0,0,0]} 1. d4 Nf6 2. c4 e6 3. Nc3 Bb4 4. e3 O-O 5. Nge2 d5 6. a3 Be7 7. cxd5 exd5 8. Nf4 c6 9. Bd3 Re8 10. O-O Nbd7 11. f3 {E46: Nimzo-Indian: Rubinstein: 4 e3 0-0 5 Ne2 without early Bd3.} Nf8 12. Kh1 Ng6 {[#]} 13. Bxg6 $146 ({Predecessor:} 13. Nfe2 c5 14. dxc5 Bxc5 15. Nd4 Ne5 16. b4 Bxd4 17. exd4 Nxd3 18. Qxd3 h6 19. Bf4 {0-1 (61) Lund,S (2391)-Miyasaka,M (2197) New York 2017}) 13... hxg6 14. e4 dxe4 15. fxe4 Bg4 16. Qd3 $1 c5 17. e5 cxd4 18. exf6 dxc3 19. fxe7 Qxd3 $1 20. Nxd3 {Hoping for Re1.} Be2 {[%mdl 64] [#] Double Attack} 21. Re1 Bxd3 22. bxc3 Rac8 23. Bf4 f6 24. Re3 Bf5 25. Rd1 Kf7 26. Bd6 Rc6 27. h3 b6 28. Rd4 Be6 29. Bb4 Rcc8 30. a4 a5 31. Ba3 Bb3 32. Rd6 Rb8 33. Rd4 Rb7 34. Kh2 g5 35. Red3 Rc7 36. Re3 Rc6 37. Rd6 ({White should play} 37. Kg1 $11) 37... Bxa4 $15 38. Rxc6 Bxc6 {[%mdl 4096] Endgame KRB-KRB} 39. Rd3 Be4 40. Rd8 b5 41. Kg3 a4 42. Rd4 f5 43. c4 bxc4 44. Rxc4 Ra8 45. Rd4 {[#] Strongly threatening Rd8.} Ke8 46. Kf2 Bc6 47. Rd6 Rc8 48. Rg6 $1 Kf7 49. Rxg5 Bd7 50. Rg3 Rc2+ 51. Ke1 g6 52. Rd3 Be8 53. g4 Rc4 54. g5 Re4+ 55. Kf2 Rf4+ 56. Kg1 Re4 57. Kf2 Rf4+ 58. Kg1 Rc4 59. Rd6 {And now Rf6+ would win.} Rc6 60. Rxc6 Bxc6 $11 {KB-KB} 61. Kf2 f4 62. Bd6 (62. Ke2 $11) 62... f3 (62... Ke6 $15 63. Bc5 Kf5) 63. Ba3 {The position is equal.} Ke6 64. h4 Kf5 65. Kg3 Ke5 66. Bb4 Kf5 67. Ba3 Ke6 68. Kf2 Ke5 69. Kg3 Kf5 70. Bb4 {Accuracy: White = 91%, Black = 93%.} 1/2-1/2